[Event "BCF-ch"]
[Site "Torquay"]
[Date "2002.08.07"]
[Round "9"]
[White "Rowson, Jonathan"]
[Black "Gallagher, Joseph G"]
[Result "1/2-1/2"]
[WhiteElo "2545"]
[BlackElo "2517"]
[PlyCount "74"]
[EventDate "2002.07.29"]
[Source "ChessBase"]
[SourceDate "2002.11.12"]

1. d4 Nf6 2. c4 g6 3. Nc3 Bg7 4. e4 d6 5. f3 O-O 6. Be3 Nc6 7. Nge2 a6 8. Qd2 Rb8 9. h4 h5 10. O-O-O b5 11. Bh6 e5 12. Nd5 bxc4 13. Bxg7 Kxg7 14. Nxf6 Qxf6 15. d5 Nb4 16. Nc3 Nd3+ 17. Bxd3 cxd3 18. Qg5 Bd7 19. Rxd3 Rb7 20. Kb1 Qxg5 21. hxg5 f6 22. gxf6+ Kxf6 23. Kc2 Rh8 24. Rd2 Rhb8 25. Rb1 Rb4 26. Kd3 Rd4+ 27. Ke3 Rxd2 28. Kxd2 g5 29. b3 g4 30. fxg4 Bxg4 31. Rf1+ Ke7 32. Ke3 Rg8 33. Rc1 Bd7 34. Kf2 Rf8+ 35. Ke3 Rg8 36. Kf2 Rf8+ 37. Ke3 Rg8 1/2-1/2

[Event "Bucuresti"]
[Site "?"]
[Date "1996.??.??"]
[Round "?"]
[White "Atalik, S."]
[Black "Golubev, M."]
[Result "1/2-1/2"]
[WhiteElo "2535"]
[BlackElo "2525"]
[PlyCount "84"]
[EventDate "1996.??.??"]
[Source "ChessBase"]
[SourceDate "1996.02.01"]

1. d4 Nf6 2. c4 g6 3. Nc3 Bg7 4. e4 d6 5. f3 a6 6. Be3 O-O 7. Qd2 Nc6 8. Nge2 Rb8 9. Nc1 e5 10. d5 Nd4 11. Nb3 c5 12. dxc6 bxc6 13. Nxd4 exd4 14. Bxd4 Re8 15. Be2 d5 16. cxd5 cxd5 17. e5 Nd7 18. f4 f6 19. O-O fxe5 20. fxe5 Nxe5 21. Rad1 Qd6 22. Kh1 Bf5 23. b3 Rb4 24. Qe3 Qc6 25. Qg3 Rxd4 26. Rxd4 Nf7 27. Rxd5 Qxc3 28. Qxc3 Bxc3 29. Bxa6 Ra8 30. Bc4 Rxa2 31. Rc5 Bd4 32. Rc7 Be4 33. Bxf7+ Kh8 34. Bd5 Bxd5 35. Rf8+ Bg8 36. g3 Ra7 37. Rxa7 Bxa7 38. b4 Kg7 39. Rd8 Bb6 40. Rd7+ Kf8 41. h4 Ke8 42. Rg7 Kf8 1/2-1/2

[Event "Bundesliga 2003-4"]
[Site "St Ingbert"]
[Date "2004.02.15"]
[Round "9"]
[White "Marcelin, Cyril"]
[Black "Volokitin, Andrei"]
[Result "0-1"]
[WhiteElo "2464"]
[BlackElo "2594"]
[PlyCount "88"]
[EventDate "2004.01.01"]
[Source "Roberto Alvarez"]
[SourceDate "2004.02.16"]

1. d4 Nf6 2. c4 g6 3. Nc3 Bg7 4. e4 d6 5. f3 O-O 6. Be3 Nc6 7. Nge2 Rb8 8. Qd2 a6 9. Nc1 e5 10. d5 Nd4 11. Nb3 Nxb3 12. axb3 c5 13. g4 h5 14. h3 Nh7 15. Rg1 h4 16. g5 f6 17. gxf6 Qxf6 18. O-O-O Bd7 19. Kb1 b5 20. Re1 b4 21. Nd1 a5 22. Nf2 Ra8 23. Be2 a4 24. Ng4 Qd8 25. Bd1 g5 26. Nf2 axb3 27. Bxb3 Rxf3 28. Qe2 Rg3 29. Rxg3 hxg3 30. Ng4 Ba4 31. Qc2 Bxb3 32. Qxb3 Qf8 33. Bd2 g2 34. Qd3 Nf6 35. Ne3 Nh5 36. Nxg2 Nf4 37. Nxf4 exf4 38. Rg1 b3 39. Rxg5 Qf6 40. Rxg7+ Qxg7 41. Bxf4 Qg1+ 42. Bc1 Qe1 43. h4 Ra1+ 44. Kxa1 Qa5+ 0-1

[Event "CCCA"]
[Site "?"]
[Date "1996.07.15"]
[Round "?"]
[White "Hiltunen Reijo (FIN)"]
[Black "Redolfi Rodolfo Argentino ("]
[Result "1-0"]
[WhiteElo "2535"]
[BlackElo "2515"]
[PlyCount "67"]
[EventDate "1996.??.??"]
[Source "www.chesslib.no"]
[SourceDate "2004.05.04"]

1. d4 Nf6 2. c4 g6 3. Nc3 Bg7 4. e4 d6 5. f3 O-O 6. Be3 Nc6 7. Nge2 a6 8. Qd2 Rb8 9. h4 b5 10. h5 e5 11. d5 Na5 12. Ng3 bxc4 13. O-O-O Nd7 14. hxg6 fxg6 15. Nb1 Nb7 16. Bxc4 Nbc5 17. Nc3 Rb4 18. Be2 Rd4 19. Qe1 Nb6 20. Rd2 Bd7 21. Rc2 Bf6 22. Kb1 Bg5 23. Bf2 Qf6 24. Nd1 Bb5 25. Bxb5 axb5 26. Bxd4 exd4 27. e5 Qf4 28. exd6 cxd6 29. Ne2 Qf6 30. f4 d3 31. Rxc5 Re8 32. fxg5 Qf5 33. g4 Qf3 34. Qh4 1-0

[Event "It (Open) Abudhabi UAE"]
[Site "?"]
[Date "2005.??.??"]
[Round "4"]
[White "Sale Srdjan"]
[Black "Fedorov Alexei"]
[Result "1/2-1/2"]
[WhiteElo "2437"]
[BlackElo "2611"]
[PlyCount "74"]
[EventDate "2005.??.??"]
[Source "www.chesslib.no"]
[SourceDate "2004.05.04"]

1. d4 Nf6 2. c4 g6 3. Nc3 Bg7 4. e4 d6 5. f3 O-O 6. Be3 Nc6 7. Nge2 a6 8. Qd2 Rb8 9. Rc1 Bd7 10. Nd1 b5 11. c5 e6 12. Nf2 b4 13. g3 Ne7 14. Bg2 Bb5 15. O-O Nd7 16. cxd6 cxd6 17. Rfd1 a5 18. Bf1 Rc8 19. Nd3 Rxc1 20. Rxc1 Qa8 21. b3 Rc8 22. Nb2 Qa6 23. Nf4 Bxf1 24. Rxf1 d5 25. e5 Nf5 26. Rc1 Rxc1+ 27. Qxc1 f6 28. exf6 Bxf6 29. Qd2 Qc6 30. Nd1 Kf7 31. Bf2 Qb6 32. Ne2 Nb8 33. g4 Ne7 34. Nb2 Nd7 35. Nd3 Qb5 36. Kg2 Nc6 37. Nb2 Nf8 1/2-1/2

[Event "Bundesliga 0001"]
[Site "Germany"]
[Date "2001.03.11"]
[Round "11.1"]
[White "Khenkin, Igor"]
[Black "Balcerak, Jakob"]
[Result "1-0"]
[WhiteElo "2633"]
[BlackElo "2413"]
[PlyCount "67"]
[EventDate "2000.10.14"]
[Source "ChessBase"]
[SourceDate "2001.05.17"]

1. d4 Nf6 2. c4 g6 3. Nc3 Bg7 4. e4 d6 5. f3 O-O 6. Nge2 a6 7. Be3 Nc6 8. Qd2 Rb8 9. Rb1 b5 10. cxb5 axb5 11. b4 e5 12. d5 Ne7 13. Ng3 Bd7 14. Be2 c6 15. dxc6 Bxc6 16. O-O d5 17. exd5 Nexd5 18. Bc5 Re8 19. Rfd1 Qc8 20. Nce4 Nxe4 21. Nxe4 Rd8 22. Rbc1 Qe6 23. a4 bxa4 24. Bc4 Rd7 25. b5 Ba8 26. Ra1 Bf8 27. Qf2 Rdd8 28. Rxa4 Bxc5 29. Qxc5 Qb6 30. Rxa8 Qxc5+ 31. Nxc5 Rxa8 32. Rxd5 Rxd5 33. Bxd5 Ra5 34. Bc6 1-0

[Event "Jurmala"]
[Site "Jurmala LAT"]
[Date "1978.??.??"]
[Round "4"]
[White "Knaak, Rainer F A"]
[Black "Gufeld, Eduard E"]
[Result "1-0"]
[WhiteElo "2520"]
[BlackElo "2525"]
[PlyCount "69"]
[EventDate "1978.??.??"]
[Source "www.chesslib.no"]
[SourceDate "2004.05.04"]

1. d4 Nf6 2. c4 g6 3. Nc3 Bg7 4. e4 d6 5. f3 O-O 6. Be3 Nc6 7. Nge2 a6 8. Qd2 Rb8 9. O-O-O b5 10. h4 e5 11. d5 Na5 12. Ng3 b4 13. Nb1 c6 14. dxc6 b3 15. a3 Be6 16. Qxd6 Qc8 17. c7 Ra8 18. Qc5 Nb7 19. Qb6 Nd7 20. Rxd7 Bxd7 21. Nc3 Re8 22. Nd5 Be6 23. c5 f5 24. Ne2 f4 25. Bf2 Bxd5 26. exd5 e4 27. fxe4 Rxe4 28. Nc3 Rd4 29. d6 Na5 30. Bxd4 Bxd4 31. Bd3 Bxc3 32. c6 Be5 33. Qxa5 Qe6 34. Re1 Qxd6 35. Bc4+ 1-0

[Event "Tatran Cup"]
[Site "Stary Smokovec"]
[Date "1990.??.??"]
[Round "4"]
[White "Razuvaev, Yuri S"]
[Black "Hracek, Zbynek"]
[Result "1-0"]
[WhiteElo "2570"]
[BlackElo "2475"]
[PlyCount "95"]
[EventDate "1990.??.??"]
[Source "ChessBase"]

1. d4 Nf6 2. c4 g6 3. Nc3 Bg7 4. e4 d6 5. f3 O-O 6. Be3 Nc6 7. Nge2 a6 8. Qd2 Rb8 9. h4 b5 10. h5 e5 11. d5 Na5 12. Ng3 c6 13. cxb5 cxd5 14. exd5 axb5 15. b4 Nc4 16. Bxc4 bxc4 17. Rb1 Bf5 18. Nxf5 gxf5 19. h6 Bh8 20. Ba7 f4 21. Bxb8 Qxb8 22. g3 Re8 23. O-O Nh5 24. g4 Ng3 25. Rf2 f5 26. gxf5 Qb6 27. Ne4 Kf7 28. Ng5+ Ke7 29. Nh3 c3 30. Qc2 e4 31. f6+ Bxf6 32. Kh2 Qe3 33. b5 Bd4 34. b6 Bxb6 35. Rxb6 Qxb6 36. Qxc3 Rg8 37. fxe4 Qxf2+ 38. Nxf2 Nf1+ 39. Kh3 Rg3+ 40. Qxg3 fxg3 41. Nh1 g2 42. Kxg2 Nd2 43. Ng3 Kf6 44. a4 Nc4 45. Kf3 Ke5 46. Nf1 Kd4 47. Kf4 Kd3 48. Ng3 1-0

[Event "Corr"]
[Site "?"]
[Date "2002.06.15"]
[Round "?"]
[White "Borroni Enrico (ITA)"]
[Black "Jorgensen Arne Bjorn (DEN)"]
[Result "1/2-1/2"]
[WhiteElo "2496"]
[BlackElo "2549"]
[PlyCount "42"]
[EventDate "2002.??.??"]
[Source "www.chesslib.no"]
[SourceDate "2004.05.04"]

1. d4 Nf6 2. c4 g6 3. Nc3 Bg7 4. e4 d6 5. f3 O-O 6. Be3 Nc6 7. Nge2 a6 8. Qd2 Rb8 9. Nc1 e5 10. d5 Nd4 11. N1e2 Nxe2 12. Bxe2 Nh5 13. O-O-O f5 14. Kb1 Bd7 15. Rc1 Qe7 16. Bd3 Nf4 17. Bf1 c5 18. dxc6 bxc6 19. c5 dxc5 20. Qf2 Ne6 21. Bc4 Kh8 1/2-1/2

[Event "Dubai op"]
[Site "Dubai"]
[Date "2000.04.29"]
[Round "2"]
[White "Nenashev, Alexander"]
[Black "Gadjily, Raouf"]
[Result "1-0"]
[WhiteElo "2600"]
[BlackElo "2443"]
[PlyCount "37"]
[EventDate "2000.04.28"]
[Source "www.chesslib.no"]
[SourceDate "2004.05.04"]

1. d4 Nf6 2. c4 g6 3. Nc3 Bg7 4. e4 d6 5. f3 O-O 6. Be3 Nc6 7. Nge2 a6 8. Qd2 Rb8 9. Rc1 Bd7 10. Nd1 b5 11. c5 e6 12. Nf2 b4 13. g3 Na5 14. Nd3 dxc5 15. Nxc5 Bb5 16. Nf4 g5 17. Nfd3 Nc6 18. Ne5 g4 19. Bxb5 1-0

[Event "St Petersburg Open"]
[Site "St Petersburg RUS"]
[Date "1992.??.??"]
[Round "?"]
[White "Beliavsky, Alexander G"]
[Black "Soloviov, Sergei"]
[Result "1-0"]
[WhiteElo "2620"]
[BlackElo "2420"]
[PlyCount "105"]
[EventDate "1992.??.??"]
[Source "www.chesslib.no"]
[SourceDate "2004.05.04"]

1. d4 Nf6 2. c4 g6 3. Nc3 Bg7 4. e4 O-O 5. Be3 d6 6. f3 Nc6 7. Qd2 a6 8. Nge2 Rb8 9. Nc1 e5 10. d5 Nd4 11. Nb3 Nxb3 12. axb3 c5 13. b4 cxb4 14. Na4 b5 15. cxb5 axb5 16. Qxb4 Nh5 17. Nc3 Nf4 18. g3 Nh5 19. Bg2 f5 20. exf5 gxf5 21. O-O Rf7 22. Ra7 Rxa7 23. Bxa7 Rb7 24. Bf2 Bf8 25. Ra1 Nf6 26. Ra8 Qc7 27. Bf1 Bd7 28. Qh4 Ne8 29. Qg5+ Kh8 30. Qh5 b4 31. Qf7 Bh6 32. Rxe8+ Bxe8 33. Qxe8+ Kg7 34. Nb5 Qd7 35. Qe6 Qxe6 36. dxe6 Kf6 37. Nxd6 Re7 38. Bc4 Rxe6 39. Bxe6 Kxe6 40. Nc4 Kd5 41. b3 f4 42. Kf1 e4 43. Ke2 exf3+ 44. Kxf3 fxg3 45. hxg3 Bg7 46. Be1 Bf8 47. Ke3 h5 48. Kd3 Be7 49. Ne3+ Ke5 50. Nc2 Kf5 51. Nxb4 Kg4 52. Nd5 Bd6 53. Nf6+ 1-0

[Event "Bucharest ROM"]
[Site "?"]
[Date "2006.05.13"]
[Round "9"]
[White "Manolache Marius"]
[Black "Kruppa Yuri"]
[Result "0-1"]
[WhiteElo "2492"]
[BlackElo "2538"]
[PlyCount "128"]
[EventDate "2006.??.??"]
[Source "www.chesslib.no"]
[SourceDate "2004.05.04"]

1. d4 Nf6 2. c4 g6 3. Nc3 Bg7 4. e4 d6 5. f3 O-O 6. Nge2 a6 7. Be3 Nc6 8. Qd2 Rb8 9. Rc1 e6 10. g3 Bd7 11. Nd1 b5 12. c5 b4 13. Nf2 Ne7 14. Nd3 a5 15. g4 Bb5 16. Ng3 Nc6 17. Nf2 Bxf1 18. Kxf1 d5 19. e5 Nd7 20. f4 f6 21. exf6 Nxf6 22. Kg2 Ne4 23. Nfxe4 dxe4 24. Qc2 Qd5 25. Qxe4 Nxd4 26. Qxd5 exd5 27. Rhd1 Nc6 28. Rxd5 Bxb2 29. Rb1 Bg7 30. f5 a4 31. Rd7 Rf7 32. Rxf7 Kxf7 33. Rf1 Be5 34. Ne4 gxf5 35. Rxf5+ Ke6 36. Ng5+ Kd5 37. Nf3 Ke4 38. Bc1 b3 39. axb3 axb3 40. Nxe5 b2 41. Nxc6 bxc1=Q 42. Nxb8 Qb2+ 43. Kg3 Qxb8 44. Rf4+ Ke3 45. Rf3+ Kd4 46. Rf5 c6+ 47. Kh3 Ke4 48. Kg2 Qb3 49. h3 Qd3 50. Kh2 Qd7 51. Kg3 Qd3+ 52. Kg2 Kd4 53. Kh2 Qe4 54. Kg3 Qh1 55. h4 Ke4 56. h5 h6 57. Rf4+ Ke3 58. Rf6 Qg1+ 59. Kh3 Qa1 60. Rf7 Qc1 61. Rf5 Qh1+ 62. Kg3 Qg1+ 63. Kh3 Kd4 64. Kh4 Qh2# 0-1

[Event "Asian Cities 13th"]
[Site "Aden"]
[Date "2002.02.13"]
[Round "9"]
[White "Safin, Shukhrat"]
[Black "Al Modiahki, Mohamad"]
[Result "1/2-1/2"]
[WhiteElo "2528"]
[BlackElo "2500"]
[PlyCount "81"]
[EventDate "2002.02.07"]
[Source "ChessBase"]
[SourceDate "2002.03.14"]

1. c4 Nf6 2. d4 g6 3. Nc3 Bg7 4. e4 d6 5. f3 O-O 6. Be3 a6 7. Nge2 Nc6 8. Qd2 Rb8 9. Rc1 Nd7 10. d5 Na5 11. Nd1 c5 12. Nec3 Ne5 13. b3 b5 14. cxb5 axb5 15. Bxb5 c4 16. b4 Nd3+ 17. Ke2 Nxb4 18. Rb1 Nd3 19. Nf2 Nc5 20. Bd4 Bxd4 21. Qxd4 e5 22. dxe6 Bxe6 23. Rhd1 Qg5 24. Kf1 Rfd8 25. Kg1 h5 26. g3 Qe5 27. Qd2 Qf6 28. f4 d5 29. e5 Qe7 30. Ne2 Nab3 31. Qb4 Qb7 32. axb3 Qxb5 33. Qxb5 Rxb5 34. bxc4 Rxb1 35. Rxb1 dxc4 36. Nc3 Rd2 37. Rb8+ Kg7 38. Nfe4 Nxe4 39. Nxe4 Rd4 40. Nf6 c3 41. Rg8+ 1/2-1/2

[Event "POL-ch 59th"]
[Site "Warsaw"]
[Date "2002.05.03"]
[Round "5"]
[White "Stryjecki, Marek"]
[Black "Socko, Bartosz"]
[Result "1-0"]
[WhiteElo "2456"]
[BlackElo "2564"]
[PlyCount "85"]
[EventDate "2002.04.29"]
[Source "ChessBase"]
[SourceDate "2002.08.12"]

1. d4 Nf6 2. c4 g6 3. Nc3 Bg7 4. e4 d6 5. f3 O-O 6. Be3 a6 7. Qd2 Nc6 8. Nge2 Rb8 9. Nc1 e5 10. d5 Ne7 11. g4 Nd7 12. Bd3 f5 13. h3 fxg4 14. fxg4 c5 15. N1e2 Nf6 16. a3 b5 17. cxb5 axb5 18. b4 c4 19. Bc2 Bd7 20. O-O-O Ra8 21. Kb2 Kh8 22. Rdg1 Ra6 23. Ra1 Neg8 24. Ng3 h6 25. Bd1 Qc8 26. Be2 Nh7 27. h4 Bxg4 28. Nxb5 Bd7 29. Nc3 h5 30. b5 Ra5 31. a4 Nhf6 32. Rhf1 Ng4 33. Rxf8 Bxf8 34. Bxg4 Bxg4 35. Nce2 Ra8 36. a5 Nf6 37. b6 Qa6 38. Nc3 Nd7 39. Qc2 Nb8 40. Qf2 Qc8 41. Qf6+ Bg7 42. Qxg6 Nd7 43. Nxh5 1-0

[Event "Doha"]
[Site "Doha QAT"]
[Date "1993.??.??"]
[Round "10"]
[White "Kuzmin, Alexey"]
[Black "Barcenilla, Rogelio"]
[Result "0-1"]
[WhiteElo "2555"]
[BlackElo "2465"]
[PlyCount "72"]
[EventDate "1993.08.??"]
[Source "www.chesslib.no"]
[SourceDate "2004.05.04"]

1. d4 Nf6 2. c4 g6 3. Nc3 Bg7 4. e4 d6 5. f3 O-O 6. Be3 Nc6 7. Nge2 a6 8. Qd2 Rb8 9. Nc1 e5 10. d5 Nd4 11. N1e2 c5 12. dxc6 bxc6 13. Nxd4 exd4 14. Bxd4 Re8 15. Be2 d5 16. cxd5 cxd5 17. exd5 Rb4 18. O-O Rxd4 19. Qxd4 Ng4 20. Qd2 Nxh2 21. Rf2 Qh4 22. Rd1 Be5 23. f4 Bd6 24. Qd4 Bf5 25. b4 h5 26. a3 Qg3 27. Qb6 Be7 28. d6 Bh4 29. Nd5 Rxe2 30. Rxe2 Nf3+ 31. Kf1 Bg4 32. Rf2 Nh2+ 33. Ke1 Qb3 34. Ne3 Qc3+ 35. Rdd2 Qc1+ 36. Nd1 Qc4 0-1

[Event "SSSR ch Kirovabad"]
[Site "SSSR ch Kirovabad"]
[Date "1973.??.??"]
[Round "?"]
[White "Bagirov, Vladimir K"]
[Black "Gufeld, Eduard E"]
[Result "0-1"]
[WhiteElo "2520"]
[BlackElo "2500"]
[PlyCount "72"]
[EventDate "1973.??.??"]
[Source "www.chesslib.no"]
[SourceDate "2004.05.04"]

1. d4 g6 2. c4 Bg7 3. Nc3 d6 4. e4 Nf6 5. f3 O-O 6. Be3 Nc6 7. Nge2 Rb8 8. Qd2 a6 9. Bh6 b5 10. h4 e5 11. Bxg7 Kxg7 12. h5 Kh8 13. Nd5 bxc4 14. hxg6 fxg6 15. Qh6 Nh5 16. g4 Rxb2 17. gxh5 g5 18. Rg1 g4 19. O-O-O Rxa2 20. Nef4 exf4 21. Nxf4 Rxf4 22. Qxf4 c3 23. Bc4 Ra3 24. fxg4 Nb4 25. Kb1 Be6 26. Bxe6 Nd3 27. Qf7 Qb8+ 28. Bb3 Rxb3+ 29. Kc2 Nb4+ 30. Kxb3 Nd5+ 31. Kc2 Qb2+ 32. Kd3 Qb5+ 33. Kc2 Qe2+ 34. Rd2 Qxd2+ 35. Kb3 Qb2+ 36. Kc4 Qb5# 0-1

[Event "Saint John op-2"]
[Site "Saint John"]
[Date "1988.??.??"]
[Round "?"]
[White "Petursson, Margeir"]
[Black "Gallagher, Joseph G"]
[Result "1/2-1/2"]
[WhiteElo "2540"]
[BlackElo "2480"]
[PlyCount "67"]
[EventDate "1988.01.??"]
[Source "ChessBase"]

1. d4 Nf6 2. c4 g6 3. Nc3 Bg7 4. e4 d6 5. f3 O-O 6. Be3 Nc6 7. Qd2 a6 8. Nge2 Rb8 9. Bh6 Bxh6 10. Qxh6 e5 11. d5 Na5 12. Ng3 c5 13. Rc1 Bd7 14. b3 b5 15. cxb5 axb5 16. Nd1 Nb7 17. Rc2 Kh8 18. h4 Qa5+ 19. Qd2 Qxd2+ 20. Kxd2 Ra8 21. Ne2 Ra5 22. g4 Rfa8 23. Nc1 Kg7 24. Rh2 Ra3 25. Nc3 R3a5 26. Ke1 Rc8 27. Bh3 Rd8 28. N1e2 b4 29. Nd1 Bb5 30. Nc1 h5 31. g5 Ne8 32. Ne3 Ra7 33. Bf1 Nc7 34. Rhd2 1/2-1/2

[Event "XXVI Open di Andorra"]
[Site "La Massana AND"]
[Date "2008.07.21"]
[Round "3"]
[White "Rodshtein, M."]
[Black "Caspi, I."]
[Result "1-0"]
[WhiteElo "2605"]
[BlackElo "2412"]
[PlyCount "62"]
[EventDate "2008.07.19"]
[Source "www.chesslib.no"]
[SourceDate "2004.05.04"]

1. d4 Nf6 2. c4 g6 3. Nc3 Bg7 4. e4 d6 5. f3 O-O 6. Nge2 a6 7. Be3 Nc6 8. Qd2 Rb8 9. Rc1 Bd7 10. b3 e6 11. g3 b5 12. cxb5 axb5 13. Bg2 Qe7 14. O-O Rfc8 15. Nd1 Nd8 16. Bg5 Qf8 17. Nf2 h6 18. Be3 c5 19. dxc5 dxc5 20. Bf4 Rb6 21. Ng4 Qe7 22. Nxf6+ Bxf6 23. Rfd1 Be8 24. Bxh6 Nb7 25. Qe3 Kh7 26. e5 Bh8 27. Bg5 Qc7 28. Bf6 Bxf6 29. exf6 c4 30. Rd4 Qc5 31. b4 Ra8 1-0

[Event "Noyabrsk Fakel Jamala"]
[Site "Noyabrsk"]
[Date "2003.11.20"]
[Round "3"]
[White "Shtyrenkov, Veniamen"]
[Black "Potapov, Alexander1"]
[Result "0-1"]
[WhiteElo "2502"]
[BlackElo "2513"]
[PlyCount "74"]
[EventDate "2003.11.18"]
[Source "ChessBase"]
[SourceDate "2004.03.30"]

1. d4 Nf6 2. c4 g6 3. Nc3 Bg7 4. e4 O-O 5. f3 Nc6 6. Be3 d6 7. Nge2 a6 8. Qd2 Rb8 9. h4 h5 10. Nc1 e5 11. d5 Nd4 12. Nb3 c5 13. dxc6 bxc6 14. Nxd4 exd4 15. Bxd4 Re8 16. Be2 d5 17. cxd5 cxd5 18. e5 Nd7 19. f4 Nf8 20. Bf2 Ne6 21. O-O Qa5 22. b4 Rxb4 23. Nxd5 Ra4 24. Qxa5 Rxa5 25. Bf3 Bb7 26. Nf6+ Bxf6 27. Bxb7 Rb8 28. Bf3 Be7 29. g3 Rb2 30. a4 Bc5 31. Bxc5 Rxc5 32. Rf2 Rb3 33. Kh2 Nd4 34. Be4 Re3 35. Bb7 a5 36. Rd1 Nf5 37. Rg1 Rcc3 0-1

[Event "Warsaw zt-A"]
[Site "Warsaw"]
[Date "1979.??.??"]
[Round "9"]
[White "Gheorghiu, Florin"]
[Black "Portisch, Ferenc"]
[Result "1/2-1/2"]
[WhiteElo "2540"]
[BlackElo "2475"]
[PlyCount "77"]
[EventDate "1979.01.??"]
[Source "ChessBase"]

1. d4 Nf6 2. c4 g6 3. Nc3 Bg7 4. e4 d6 5. f3 O-O 6. Be3 Nc6 7. Nge2 Rb8 8. Qd2 Re8 9. h4 a6 10. h5 b5 11. hxg6 fxg6 12. Nf4 e5 13. dxe5 dxe5 14. Nfd5 Nd4 15. Bh6 Bh8 16. O-O-O c6 17. Ne3 Qa5 18. Kb1 Be6 19. Bg5 Nd7 20. Ne2 Qb6 21. Nc2 bxc4 22. Ne3 Qb5 23. Nc3 Qb4 24. Ne2 Qa3 25. Nxd4 c3 26. Nb3 Qxa2+ 27. Kxa2 Bxb3+ 28. Ka3 cxd2 29. Bc4+ Bxc4 30. Nxc4 Nc5 31. Rxd2 Ne6 32. Be3 Nd4 33. Rhd1 Rb3+ 34. Ka2 Reb8 35. Rd3 R3b4 36. Rc1 Bg7 37. Ra3 Ne2 38. Rc2 Nd4 39. Rc1 1/2-1/2

[Event "Petrov mem"]
[Site "St Petersburg"]
[Date "1996.??.??"]
[Round "2"]
[White "Nepomnishay, Mikhail I"]
[Black "Fedorov, Alexei"]
[Result "0-1"]
[WhiteElo "2470"]
[BlackElo "2540"]
[PlyCount "106"]
[EventDate "1996.02.??"]
[Source "ChessBase"]

1. d4 Nf6 2. c4 g6 3. Nc3 Bg7 4. e4 d6 5. f3 O-O 6. Be3 Nc6 7. Nge2 a6 8. Qd2 Rb8 9. Nc1 e5 10. d5 Nd4 11. N1e2 Nxe2 12. Bxe2 Nh5 13. O-O-O f5 14. Kb1 Qe7 15. Rc1 Nf4 16. Bf1 c5 17. g3 Nh5 18. Bg5 Qf7 19. Bd3 Bd7 20. a4 Nf6 21. a5 b5 22. axb6 Rxb6 23. Kc2 Rfb8 24. Rb1 Ne8 25. b3 a5 26. Rb2 Qf8 27. Qe2 Nc7 28. Ra1 Na6 29. Rxa5 Nb4+ 30. Kc1 Bh6 31. Bxh6 Qxh6+ 32. Kb1 Nxd3 33. Qxd3 Rxb3 34. Rxb3 Rxb3+ 35. Kc2 Rb8 36. Qe2 Qh3 37. Ra6 fxe4 38. Nxe4 Bf5 39. Ra1 Bxe4+ 40. fxe4 Qd7 41. Qd3 Qb7 42. Qc3 Qf7 43. Qe3 Rb4 44. Kc3 Qb7 45. Ra3 Rb1 46. Kd3 Rh1 47. Qd2 Qb1+ 48. Ke3 Rd1 49. Qa2 Re1+ 50. Kf2 Rf1+ 51. Kg2 Rg1+ 52. Kh3 Qf1+ 53. Kg4 Qf4+ 0-1

[Event "NED-ch"]
[Site "NED"]
[Date "1996.??.??"]
[Round "3"]
[White "Van der Sterren, Paul"]
[Black "Nijboer, Friso"]
[Result "1-0"]
[WhiteElo "2535"]
[BlackElo "2475"]
[PlyCount "79"]
[EventDate "1996.06.??"]
[Source "ChessBase"]

1. c4 Nf6 2. Nc3 g6 3. d4 Bg7 4. e4 d6 5. f3 O-O 6. Be3 Nc6 7. Nge2 a6 8. Qd2 Rb8 9. b3 e6 10. Rc1 Ne7 11. Ng3 Ne8 12. Be2 c6 13. O-O b5 14. f4 f5 15. e5 g5 16. exd6 Qxd6 17. fxg5 e5 18. dxe5 Qxd2 19. Bxd2 Bxe5 20. Bf4 Bxf4 21. Rxf4 Ng7 22. Rf2 Ng6 23. cxb5 axb5 24. Bf3 Ne5 25. Re2 Nxf3+ 26. gxf3 Ne6 27. Nh5 Kf7 28. h4 h6 29. gxh6 Rh8 30. Rd1 Rxh6 31. Ng3 Nf4 32. Re5 Be6 33. Rd4 Rxh4 34. Nxf5 Rg8+ 35. Kf2 Rh2+ 36. Ke3 Ng2+ 37. Ke4 Rh1 38. Rd2 Re1+ 39. Re2 Bd5+ 40. Kd4 1-0